| 000 | 00750nam a2200217 a 4500 | ||
|---|---|---|---|
| 001 | 22159 | ||
| 003 | CO-ViMGA | ||
| 008 | 141112s2004 ck r 000 u spa d | ||
| 020 | _a8466617302 | ||
| 040 |
_aCO-ViMGA _bspa _cCO-ViMGA |
||
| 082 | 0 | 4 | _a843.9 D786v |
| 100 | 1 |
_aDroun, Maurice _931537 |
|
| 245 | 1 | 0 | _aLos venenos de la corona |
| 260 |
_aBarcelona : _bEdiciones B, _cS.A, _c2004 |
||
| 300 | _a270p | ||
| 490 | _aLos reyes malditos; III | ||
| 505 | _aFrancia espera una reina 15 - - después de flandes, el artois 99 - - El tiempo del cometa 159 | ||
| 590 | _aForma de adquisición : Compra - - Precio : 22.000 - - Proveedor : Bernalibros - - Fecha de adquisición : Octubre 2007 | ||
| 650 | 1 | 4 |
_aNOVELA FRANCESA _92629 |
| 942 |
_2ddc _cBK |
||
| 999 |
_c30594 _d30594 |
||